Kozma Sz. András írása

Elmentve itt :
Bibliográfiai részletek
Szerző: Kozma Sz. András
Dokumentumtípus: Cikk
Megjelent: Pompeji Alapítvány Szeged 2005
Sorozat:Fosszília
Kulcsszavak:Metanoia, Magyar irodalom
Tárgyszavak:
Online Access:http://acta.bibl.u-szeged.hu/8749
LEADER 00680nab a2200205 i 4500
001 acta8749
005 20240429124921.0
008 161015s2005 hu o 000 hun d
022 |a 1586-0116 
040 |a SZTE Egyetemi Kiadványok Repozitórium  |b hun 
041 |a hun 
100 2 |a Kozma Sz. András 
245 1 0 |a Kozma Sz. András írása  |h [elektronikus dokumentum] /  |c  Kozma Sz. András 
260 |a Pompeji Alapítvány  |b Szeged  |c 2005 
300 |a 43 
490 0 |a Fosszília 
650 4 |a Bölcsészettudományok 
650 4 |a Nyelvek és irodalom 
695 |a Metanoia, Magyar irodalom 
856 4 0 |u http://acta.bibl.u-szeged.hu/8749/1/fosszilia_2005_kulon_043.pdf  |z Dokumentum-elérés